Iliad Characters Quiz - Statistics

General Stats
  • This quiz has been taken 690 times
  • The average score is 19 of 32
Answer Stats
Hint Answer % Correct
The main Greek hero; has a vulnerable heel Achilles
99%
Most beautiful woman in the world; kidnapped by a Trojan prince Helen
88%
Trojan prince who kidnaps the above Paris
87%
Troy's best warrior; eldest son of the king of Troy Hector
86%
Leader of the Greek army; sacrifices his own daughter to get to Troy Agamemnon
84%
Best friend/lover of person above; a powerful warrior Patroclus
84%
Smartest of the Greeks; came up with the idea of the Trojan Horse Odysseus
79%
Brother of the above; king of Sparta through marriage to the below Menelaus
78%
King of the Gods; supposed to stay neutral but helps the Trojans Zeus
71%
Goddess of love and beauty; supports the Trojans because Paris deemed her to be the fairest goddess Aphrodite
70%
Goddess of wisdom and battle strategy; supported the Greeks after Paris dishonoured her Athena
70%
Queen of the Gods; supported the Greeks after Paris dishonoured her Hera
70%
God of War; supports the Trojans but ends up wounded and goes crying to Zeus Ares
68%
God of the Seas who supported the Greeks; later becomes the enemy of Odysseus Poseidon
68%
King of Troy; father of Paris, Hector, Cassandra etc. Priam
66%
Powerful God of fire and blacksmiths; forges a famous shield for Achilles Hephaestus
65%
God of light, music, poetry etc.; main Trojan supporter Apollo
64%
Wife of Hector; is sold into slavery after the sack of Troy Andromache
63%
Mother of Achilles; a minor sea goddess Thetis
60%
Large and powerful Greek warrior; think dish soap Ajax (The Greater)
56%
Powerful Greek warrior who wounds the gods Ares and Aphrodite Diomedes
56%
Goddess of the rainbow who acts as Zeus' messenger Iris
52%
Trojan seer who was cursed by Apollo to never be believed Cassandra
48%
Queen of Asia Minor taken as a war prize; the cause of the quarrel in book 1 Briseis
45%
Daughter of a priest taken captive but returned in Book 1 Chryseis
43%
Queen of Troy; mother of Hector, Paris etc. Hecuba
43%
Father of the above; priest of Apollo Chryses
39%
Leader of the Dardarian contingent; son of Aphrodite and Anchises Aeneas
36%
Young son of Hector and Andromache; killed by either Odysseus or Neoptolemus during the sack of Troy Astyanax
33%
Commander of the Lycian contingent; son of Zeus Sarpedon
30%
River God who tries to drown Achilles; set on fire by Hephaestus Scamander
21%
Greece's top archer; son of Telamon Teucer
20%
No matching quizzes found
Score Distribution
Percent of People with Each Score
Percentile by Number Answered
Your Score History
You have not taken this quiz